Welcome to CU Library Online Public Access Catalogue (OPAC)

How to Become a Highly Effective Leader: (Record no. 417)

MARC details
000 -LEADER
fixed length control field 00477nam a22001577a 4500
005 - DATE AND TIME OF LATEST TRANSACTION
control field 20241030194448.0
008 - FIXED-LENGTH DATA ELEMENTS--GENERAL INFORMATION
fixed length control field 241030b |||||||| |||| 00| 0 eng d
020 ## - INTERNATIONAL STANDARD BOOK NUMBER
International Standard Book Number 9781440117916
Qualifying information Paperback
050 ## - LIBRARY OF CONGRESS CALL NUMBER
Classification number HD58
Item number .J95
100 ## - MAIN ENTRY--PERSONAL NAME
Personal name Junarso, Tri
245 ## - TITLE STATEMENT
Title How to Become a Highly Effective Leader:
Remainder of title Ten Skills a Leader Must Possess /
Statement of responsibility, etc. Tri Junarso
260 ## - PUBLICATION, DISTRIBUTION, ETC.
Place of publication, distribution, etc. New York
Name of publisher, distributor, etc. iUniverse, Inc
Date of publication, distribution, etc. c2009
300 ## - PHYSICAL DESCRIPTION
Extent xii; 311 pages
Dimensions 23cm
650 ## - SUBJECT ADDED ENTRY--TOPICAL TERM
Source of heading or term Leadership
942 ## - ADDED ENTRY ELEMENTS (KOHA)
Source of classification or shelving scheme Library of Congress Classification
Koha item type Books
Suppress in OPAC No
999 ## -
-- 417
-- 417
Holdings
Withdrawn status Lost status Source of classification or shelving scheme Damaged status Not for loan Collection Home library Current library Shelving location Date acquired Total checkouts Full call number Barcode Date last seen Copy number Price effective from Koha item type
    Library of Congress Classification     Non-fiction Law Library (Miotso) Law Library (Miotso) General stacks 10/30/2024   HD58.J95 JUN llm00000349 10/30/2024 1 10/30/2024 Books
    Library of Congress Classification     Non-fiction Law Library (Miotso) Law Library (Miotso) General stacks 10/30/2024   HD58.J95 JUN llm00000350 10/30/2024 2 10/30/2024 Books
© 2023-2024 Copyright: Central University Libraries. All Rights Reserved | Created by: Mahone Tech Office